NBA Top 100 All-Time: Turnovers - Statistics

General Stats
  • This quiz has been taken 530 times
    62 since last reset
  • The average score is 57 of 101
Answer Stats
# Player Turnovers % Correct
4 James Harden 4,505
98%
1 LeBron James 5,650
98%
36 Michael Jordan 2,924
98%
7 Kobe Bryant 4,010
93%
2 Russell Westbrook 5,038
93%
23 Stephen Curry 3,308
93%
11 Kevin Durant 3,800
91%
16 Magic Johnson 3,506
89%
25 Allen Iverson 3,262
87%
42 Larry Bird 2,816
87%
18 Steve Nash 3,478
87%
6 John Stockton 4,244
85%
81 Nikola Jokić 2,419
85%
22 Shaquille O'Neal 3,310
85%
80 Dennis Johnson 2,448
83%
78 Joe Johnson 2,451
83%
64 Kareem Abdul-Jabbar 2,527
83%
98 Kevin Johnson 2,258
83%
26 Scottie Pippen 3,257
83%
31 Chris Paul 3,109
80%
50 Giannis Antetokounmpo 2,701
80%
21 Dwayne Wade 3,328
78%
8 Jason Kidd 4,003
78%
9 Julius Erving 3,940
78%
19 Tim Duncan 3,381
76%
38 Tony Parker 2,865
76%
33 Carmelo Anthony 3,052
74%
68 Clifford Robinson 2,502
74%
83 David Robinson 2,417
74%
69 Dirk Nowitzki 2,494
74%
28 Kevin Garnett 3,179
74%
T62 Damian Lillard 2,541
72%
3 Karl Malone 4,524
70%
5 Moses Malone 4,264
70%
71 Paul George 2,487
70%
15 Paul Pierce 3,532
70%
49 Ray Allen 2,709
70%
93 Baron Davis 2,308
67%
20 Charles Barkley 3,376
67%
13 Hakeem Olajuwon 3,667
67%
T62 Walter Davis 2,541
67%
34 Gary Payton 3,030
65%
85 John Wall 2,412
65%
27 Robert Parish 3,183
65%
56 Vince Carter 2,590
65%
45 Buck Williams 2,784
63%
35 Clyde Drexler 2,977
63%
74 DeMar DeRozan 2,475
63%
87 Deron Williams 2,402
63%
12 Isiah Thomas 3,682
63%
14 Patrick Ewing 3,537
63%
51 Dominique Wilkins 2,669
61%
55 Kyle Lowry 2,632
61%
24 Dwight Howard 3,302
59%
76 Juwan Howard 2,469
59%
30 Andre Miller 3,121
57%
86 Reggie Miller 2,409
57%
54 Pau Gasol 2,638
54%
37 George Gervin 2,909
52%
72 Tim Hardaway 2,481
52%
77 Grant Hill 2,463
50%
41 Jrue Holiday 2,819
50%
40 Alex English 2,821
48%
47 Shawn Kemp 2,766
48%
66 Antoine Walker 2,504
46%
29 Mark Jackson 3,155
46%
T57 Rajon Rondo 2,586
43%
52 Terry Porter 2,666
41%
92 Chris Webber 2,313
39%
73 Jamal Crawford 2,476
37%
84 Jason Terry 2,415
37%
43 Bernard King 2,791
35%
67 Adrian Dantley 2,503
33%
44 Charles Oakley 2,785
33%
89 Derek Harper 2,334
33%
T96 Maurice Cheeks 2,268
33%
T100 Ron Harper 2,251
33%
91 Chris Mullin 2,315
30%
79 Latrell Sprewell 2,450
30%
59 Mitch Richmond 2,579
30%
95 Zach Randolph 2,290
30%
10 Artis Gilmore 3,926
28%
65 Kevin Willis 2,520
28%
82 Sam Cassell 2,418
28%
61 Stephon Marbury 2,547
28%
T57 Jack Sikma 2,586
26%
99 Lamar Odom 2,253
26%
39 Rod Strickland 2,862
26%
60 Tom Chambers 2,549
26%
75 Vlade Divac 2,470
26%
70 Dan Issel 2,490
24%
46 Otis Thorpe 2,774
24%
53 Jerry Stackhouse 2,641
22%
94 Mark Aguirre 2,306
22%
T96 Detlef Schrempf 2,268
20%
88 Norm Nixon 2,368
20%
17 Reggie Theus 3,493
20%
48 George McGinnis 2,763
17%
90 Maurice Lucas 2,316
17%
T100 Sleepy Floyd 2,251
11%
32 Ron Boone 3,085
4%
No matching quizzes found
Score Distribution
Percent of People with Each Score
Percentile by Number Answered
Your Score History
You have not taken this quiz since the last reset